| 000 | 00982nam0a2200313 4500 | ||
|---|---|---|---|
| 001 | RU\NLR\bibl\15235 | ||
| 005 | 20250615012952.0 | ||
| 021 |
_aRU _b98-35333 _91679 |
||
| 021 |
_aRU _b2000-37330 _91722 |
||
| 021 |
_aRU _b2001-36401 _91731 |
||
| 035 | _a(NLR Aleph) 000014871 | ||
| 090 |
_a60534 _c60534 |
||
| 100 | _a19990309f19911998|||y0rusy50 ca | ||
| 101 | 0 | _arus | |
| 102 | _aRU | ||
| 105 | _aa ||||||||| | ||
| 200 | 1 |
_aУдачный кадр любым фотоаппаратом _f[Jean Eavy-Ells] |
|
| 210 |
_aМ. _cКниги Kodak _d[199-?] |
||
| 215 |
_a48 c. _cил., цв. ил. _d15 |
||
| 606 | 0 |
_aФотографическая съемка _91021549 _3RU\NLR\auth\6672751 |
|
| 606 | 0 |
_aФотосъемка _92088628 _3RU\NLR\auth\661264401 |
|
| 686 | _aМ940.2 | ||
| 700 | 1 |
_aИви-Эллс _bЖ. _gЖан _4070 |
|
| 801 | 0 |
_aRU _bNLR _c19990309 _gPSBO |
|
| 801 | 1 |
_aRU _bNLR _c19990309 |
|
| 852 |
_aNLR _j98-1/396 |
||
| 852 |
_aNLR _j97-1/368 |
||
| 942 | _cBOOK | ||
| 980 | _aNB | ||